Магнитолевитационный транспорт: научные проблемы и технические решения

Podrobná bibliografie
Další autoři: Антонов Ю. Ф. (редактор), Зайцев А. А.
Shrnutí:Книга содержит материалы Международных научных конференций «Магнитолевитационные транспортные системы и технологии», которые прово­дятся ежегодно на гранты Российского фонда фундаментальных исследова­ний (РФФИ). В ней представлены результаты фундаментальных исследова­ний, в том числе выполненных на гранты РФФИ 12-08-13169-офи_м_РЖД, 13-08-13162, 13-08-131780, 13-08-13189, 13-08-13172 в интересах ОАО «РЖД» в области магнитолевитационной технологии, предназначенной для широкого спектра транспортных средств, независимо от их назначения, ходовых харак­теристик, технических и эксплуатационных параметров.Книга адресована научным работникам, инженерам и студентам транспорт­ных учебных заведений. Она будет полезна специалистам широкого профиля и всем, кто интересуется современными транспортными технологиями и их внедрением в обозримом будущем.
Jazyk:ruština
Vydáno: Москва, Физматлит, 2015
Témata:
Médium: MixedMaterials Kniha
KOHA link:https://koha.lib.tpu.ru/cgi-bin/koha/opac-detail.pl?biblionumber=315991

MARC

LEADER 00000nam0a2200000 4500
001 315991
005 20231102002830.0
010 |a 9785922116275 
035 |a (RuTPU)RU\TPU\book\341428 
090 |a 315991 
100 |a 20160314d2015 k y0rusy50 ca 
101 0 |a rus 
102 |a RU 
105 |a a z 001zy 
200 1 |a Магнитолевитационный транспорт: научные проблемы и технические решения  |f под ред. Ю. Ф. Антонова ; А. А. Зайцева 
210 |a Москва  |c Физматлит  |d 2015 
215 |a 612 с.  |c ил. 
320 |a Библиогр.: с. 576-611. 
330 |a Книга содержит материалы Международных научных конференций «Магнитолевитационные транспортные системы и технологии», которые прово­дятся ежегодно на гранты Российского фонда фундаментальных исследова­ний (РФФИ). В ней представлены результаты фундаментальных исследова­ний, в том числе выполненных на гранты РФФИ 12-08-13169-офи_м_РЖД, 13-08-13162, 13-08-131780, 13-08-13189, 13-08-13172 в интересах ОАО «РЖД» в области магнитолевитационной технологии, предназначенной для широкого спектра транспортных средств, независимо от их назначения, ходовых харак­теристик, технических и эксплуатационных параметров.Книга адресована научным работникам, инженерам и студентам транспорт­ных учебных заведений. Она будет полезна специалистам широкого профиля и всем, кто интересуется современными транспортными технологиями и их внедрением в обозримом будущем. 
606 1 |a Подвижной состав  |x Железные дороги  |2 stltpush  |3 (RuTPU)RU\TPU\subj\49593  |9 68379 
610 1 |a высокоскоростное движение 
610 1 |a магнитолевитационная технология 
610 1 |a общественный пассажирский транспорт 
610 1 |a грузовой транспорт 
610 1 |a инфраструктура 
610 1 |a магнитная левитация 
610 1 |a сверхпроводниковые технологии 
610 1 |a экономика 
610 1 |a управление 
675 |a 629.43  |v 3 
702 1 |a Антонов  |b Ю. Ф.  |4 340 
702 1 |a Зайцев  |b А. А.  |4 340 
801 1 |a RU  |b 63413507  |c 20160314 
801 2 |a RU  |b 63413507  |c 20160317  |g RCR 
942 |c BK